La Casa de Xèrica i la seva política en relació amb la monarquia de la Corona d'Aragó (segles XIII-XIV) / per Maria Mercè Costa i Paretas
Descripción Física:
607 p. ; 24 cm
Colección:
Textos i documents ; 32
MARC
| LEADER | 00000nam a2200000Ia 4500 | ||
|---|---|---|---|
| 001 | 11976 | ||
| 003 | BGR | ||
| 005 | 20260324175216.0 | ||
| 008 | 160829s1998 xx 000 0 cat d | ||
| 080 | |a H-1-260 | ||
| 100 | |a Costa i Paretas, Maria Mercè |9 20482 | ||
| 245 | |a La Casa de Xèrica i la seva política en relació amb la monarquia de la Corona d'Aragó (segles XIII-XIV) / per Maria Mercè Costa i Paretas | ||
| 260 | |a Barcelona : |b Fundació Noguera ; Lleida : |b Pagès, |c 1998 | ||
| 300 | |a 607 p. ; |c 24 cm | ||
| 490 | |a Textos i documents ; 32 | ||
| 650 | |a Xèrica (Família) |9 20483 | ||
| 650 | |a Corona catalanoaragonesa |x Història |x S. XIII/XV |9 20484 | ||
| 710 | 2 | |a Fundació Noguera |9 70407 | |
| 901 | |a Arxiu | ||
| 942 | |n 1 |2 udc |c MON | ||
| 952 | |0 0 |1 0 |4 0 |6 H1260 |7 1 |9 41557 |a Arxiu |b Arxiu |d 2016-12-01 |l 0 |o H-1-260 |p 11976 |r 2016-12-01 00:00:00 |w 2016-12-01 |y ARXIU | ||
| 999 | |c 43447 |d 43447 | ||